| 000 | 01218nam0a2200325 4500 | ||
|---|---|---|---|
| 001 | RU\NLR\bibl\92522 | ||
| 005 | 20250615175417.0 | ||
| 021 |
_aRU _b2000-280и _921и |
||
| 035 | _a(NLR Aleph) 001340970 | ||
| 090 |
_a860543 _c860543 |
||
| 100 | _a20000615d2000 |||y0rusy50 ca | ||
| 101 | 0 |
_arus _aeng |
|
| 102 | _aRU | ||
| 105 | _aa ||||||||| | ||
| 200 | 1 |
_aНиколай Белянов _dNickolay Belyanov _eЖивопись и графика _e[Альбом _fАвт. вступ. ст. Alexander Morozoff] _zeng |
|
| 210 |
_aМ. _cБ.и. _d2000 |
||
| 215 |
_a23,[1] с. _cцв. ил., портр. _d27 |
||
| 300 | _aТекст парал. на рус. и англ. яз. | ||
| 510 | 1 |
_6z17790 _aNickolay Belyanov _zeng |
|
| 600 | 1 |
_aБелянов _bН. А. _f1947 _gНиколай Александрович _jАльбомы _92175800 _3RU\NLR\auth\661308615 |
|
| 686 | _aЩ143(2Р=Рус)7-8Белянов | ||
| 700 | 1 |
_aБелянов _bН. _f1947- _gНиколай _4070 |
|
| 790 | 1 |
_6z17510 _aBeljanov _bN. _f1947- _gNikolaj _4070 |
|
| 801 | 0 |
_aRU _bNLR _c20000615 _gPSBO |
|
| 801 | 1 |
_aRU _bNLR _c20000615 |
|
| 852 |
_aNLR _bЭ _jАлИс590/2-Б449 |
||
| 942 | _cBOOK | ||
| 980 | _aNB | ||